000 00973nas a2200277 4500
001 BR2011003128
003 BR-BrBNA
005 20231205115331.0
007 ta
008 230509b bl.|||p| |||| 00| 00por d
040 _aBR-BrBNA
_bpor
_cBiblioteca Nacional de Agricultura
041 _a(Pt)
072 _aL73
100 1 _aPeixoto, F.P.
100 1 _aSantos, D.L.
100 1 _aVilela, S.
100 1 _aFontainhas-Fernandes, A.
245 1 _aCaracterização da mitocôndria isolada de fígado de tilápia-do-nilo (Oreochromis niloticus)e alterações da bioenergética mitocondrial causadas pela exposição ao herbicida oxifluorgena
650 _aTILÁPIA NILOTICA
650 _aMITOCÔNDRIA
650 _aFÍGADO
650 _aHERBICIDA
773 0 _tArquivo Brasileiro de Medicina Veterinária e Zootecnia (Brazil)
_xISSN 0102-0935
_g(Apr 2009), v. 61(2) p. 386-392
_wBR2011003128
909 _a202311
_bLúcia
_c55
_dLúcia Elande
942 _2AGRIS
_n0
_cANA
999 _c213272
_d213272